जनतंत्र रहेगा, नहीं रहेगा / (Record no. 51254)

MARC details
000 -LEADER
fixed length control field 01108nam a22003017a 4500
005 - DATE AND TIME OF LATEST TRANSACTION
control field 20080929101452.0
008 - FIXED-LENGTH DATA ELEMENTS--GENERAL INFORMATION
fixed length control field 080929t xxu||||| |||| 00| 0chin d
010 ## - LCCN (DPL NO)
LC control number HIN-92167
020 ## - INTERNATIONAL STANDARD BOOK NUMBER
International Standard Book Number 9788190286367
Terms of availability 130.00
035 ## - SYSTEM CONTROL NUMBER
System control number HN-64513
037 ## - SOURCE OF ACQUISITION
Source of stock number/acquisition DBAD / PUB
040 ## - CATALOGING SOURCE
Original cataloging agency DPL
Language of cataloging HN
082 ## - DEWEY DECIMAL CLASSIFICATION NUMBER
Classification number
100 ## - MAIN ENTRY--PERSONAL NAME
9 (RLIN) 26640
Personal name चक्रधर
245 ## - TITLE STATEMENT
Title जनतंत्र रहेगा, नहीं रहेगा /
Statement of responsibility, etc चक्रधर
246 ## - VARYING FORM OF TITLE
Title proper/short title Jantantra Rahega, Nahi Rahega
Remainder of title by Chakradhar
260 ## - PUBLICATION, DISTRIBUTION, ETC. (IMPRINT)
Place of publication, distribution, etc पटना
Name of publisher, distributor, etc समय प्रकाशन
Date of publication, distribution, etc 2008
270 ## - ADDRESS
Address दरियापुर गोला,
City पटना
Postal code 800004
300 ## - PHYSICAL DESCRIPTION
Extent 130पृ.
Dimensions 22सेमी (अजिल्द)
650 ## - SUBJECT ADDED ENTRY--TOPICAL TERM
9 (RLIN) 697
Topical term or geographic name as entry element लघु कथा साहित्य
650 ## - SUBJECT ADDED ENTRY--TOPICAL TERM
9 (RLIN) 26793
Topical term or geographic name as entry element Hindi Fiction
650 ## - SUBJECT ADDED ENTRY--TOPICAL TERM
9 (RLIN) 26674
650 ## - SUBJECT ADDED ENTRY--TOPICAL TERM
9 (RLIN) 698
700 ## - ADDED ENTRY--PERSONAL NAME
9 (RLIN) 26643
710 ## - ADDED ENTRY--CORPORATE NAME
9 (RLIN) 26662
942 ## - ADDED ENTRY ELEMENTS (KOHA)
Source of classification or shelving scheme Dewey Decimal Classification
Item type Hindi Books
Classification part
Call number suffix चक्रध
Holdings
Withdrawn status Lost status Source of classification or shelving scheme Damaged status Not for loan Collection code Home library Current library Date acquired Source of acquisition Cost, normal purchase price Total Checkouts Full call number Barcode Date last seen Copy number Cost, replacement price Koha item type
    Dewey Decimal Classification     Fiction D.B.Act.Division D.B.Act.Division 28/03/2011 DBAD / PUB 130.00   उ चक्रध HN-64513 28/03/2011 1 130.00 Hindi Books

© Delhi Public Library
Hit Counter
free hit counter